Utrumque ius is peciis: aspetti della produzione libraria a Bologna fra due e trecento
Guardado en:
| Autor principal: | |
|---|---|
| Formato: | Libro |
| Lenguaje: | italiano |
| Publicado: |
Milán
Dott. A. Giuffrè
1997
|
| Colección: | Orbis Academicvs. Saggi e Documenti di Storia delle Università, 7
|
| Materias: | |
| Etiquetas: |
Agregar Etiqueta
Sin Etiquetas, Sea el primero en etiquetar este registro!
|
MARC
| LEADER | 00000nam a2200000 a 4500 | ||
|---|---|---|---|
| 001 | UCK3190 | ||
| 003 | CL-VaPUC | ||
| 008 | 050415e19970000IT |||||||||||||||||ita|d | ||
| 020 | |a 8814064423 | ||
| 082 | 0 | 4 | |a 070.51 |b SOE |2 21 |
| 100 | 0 | |a Soetermeer, Frank |e author |9 491199 | |
| 245 | 1 | 0 | |a Utrumque ius is peciis: aspetti della produzione libraria a Bologna fra due e trecento |
| 300 | |a 433 p | ||
| 942 | |c BK | ||
| 945 | |d 20050415 00:00:00 |a cmena | ||
| 260 | |a Milán |b Dott. A. Giuffrè |c 1997 | ||
| 650 | 0 | |a Libros |9 334511 | |
| 650 | 0 | |a Manuscritos |9 313680 | |
| 651 | 0 | |a Italia |9 254949 | |
| 583 | |a last modification |c 20050415 00:00:00 |k Rodrigo Vera | ||
| 490 | 0 | |a Orbis Academicvs. Saggi e Documenti di Storia delle Università, 7 | |
| 999 | |c 312454 |d 312452 | ||
| 952 | |0 0 |1 0 |4 0 |6 070_510000000000000_SOE_1997 |7 0 |8 DER_HIS |9 382840 |a BIBDER |b BIBDER |d 2019-11-21 |i 4064933 |o 070.51 SOE 1997 |p 4064933 |r 2023-01-25 |w 2019-11-21 |x Ubicación 4to Piso |y BK |z Estos recursos deben solicitarse con anticipación |k DER | ||